University Home | Library Home | Institutional Repository

The book of executive health. (Record no. 31533)

MARC details
000 -LEADER
fixed length control field 00419cam2a220016900 4500
001 - CONTROL NUMBER
control field tmp15763188
003 - CONTROL NUMBER IDENTIFIER
control field UPRA
005 - DATE AND TIME OF LATEST TRANSACTION
control field 20190813131107.0
008 - FIXED-LENGTH DATA ELEMENTS--GENERAL INFORMATION
fixed length control field 951023s1981 enk eng u
035 ## - SYSTEM CONTROL NUMBER
System control number (Sirsi) r42935
035 ## - SYSTEM CONTROL NUMBER
System control number (UPRA)tmp15763188
040 ## - CATALOGING SOURCE
Transcribing agency UPRA
245 04 - TITLE STATEMENT
Title The book of executive health.
260 ## - PUBLICATION, DISTRIBUTION, ETC.
Place of publication, distribution, etc. England :
Date of publication, distribution, etc. 1981.
949 ## - LOCAL PROCESSING INFORMATION (OCLC)
a RH776.5
w LC
i -52665
m MAIN
t BOOK
l ON-SHELF
Holdings
Withdrawn status Lost status Source of classification or shelving scheme Damaged status Not for loan Home library Current library Shelving location Total Checkouts Full call number Barcode Date last seen Copy number Price effective from Koha item type
    Library of Congress Classification     Medical Library Medical Library On Shelf   RH776.5 33729000138979 08/13/2019 1 08/13/2019 Book
© 2026 - The University of Zambia Library - Koha v25.11